El capital: crítica de la economía política

Guardado en:
Detalles Bibliográficos
Autor principal: Marx, Karl Heinrich (autor)
Formato: Libro
Lenguaje:español
Publicado: Madrid EDAF 1972
Colección:Grandes Libros
Materias:
Etiquetas: Agregar Etiqueta
Sin Etiquetas, Sea el primero en etiquetar este registro!

MARC

LEADER 00000nam a2200000 a 4500
001 UCK5107
003 CL-VaPUC
005 20211116074329.0
008 050708e19720000SP |||||||||||||||||spa|d
999 |c 313784  |d 313782 
040 |c Pontificia Universidad Católica de Valparaíso 
082 0 4 |a 335.412  |b MAR  |2 21 
100 |a Marx, Karl Heinrich  |e autor  |9 863668 
245 1 3 |a El capital: crítica de la economía política 
260 |a Madrid  |b EDAF  |c 1972 
300 |a 2 v 
490 0 |a Grandes Libros 
583 |a last modification  |c 20050708 00:00:00  |k Rodrigo Vera 
650 7 |a MARXISMO  |2 CL-VaPUC  |9 493820 
650 0 |a Comunismo  |9 255588 
650 7 |a DOCTRINAS ECONOMICAS  |2 CL-VaPUC  |9 346455 
650 0 |a Ideologías  |9 255200 
650 0 |a Capitalismo  |9 255255 
942 |c BK  |2 ddc 
945 |d 20050708 00:00:00  |a jcarroza 
952 |0 0  |1 0  |4 0  |6 335_412000000000000_MAR_1972  |7 0  |8 A  |9 385293  |a BIBGIM  |b BIBGIM  |d 2019-11-22  |h v.1  |i 4144147  |l 3  |m 1  |o 335.412 MAR 1972  |p 4144147  |q 2025-05-14  |r 2025-05-07  |s 2025-05-07  |w 2019-11-22  |y BK  |k GIM 
952 |0 0  |1 0  |4 0  |6 335_412000000000000_MAR_1972  |7 0  |8 A  |9 385294  |a BIBGIM  |b BIBGIM  |d 2019-11-22  |h v.2  |i 4144155  |o 335.412 MAR 1972  |p 4144155  |r 2025-01-15  |w 2019-11-22  |y BK  |k GIM